[Event "Mistrzostwa Polski Mlodzikow do lat 10 - Chlopcy"]
[Site "Karpacz"]
[Date "1899-12-30"]
[Round "3.6"]
[White "Wiszniewski, Szymon"]
[Black "Borowik, Wojciech"]
[Result "1-0"]
[WhiteTitle "II"]
[BlackTitle "II"]
[WhiteElo "1270"]
[BlackElo "1361"]

1. e4 c6 2. d4 d5 3. exd5 cxd5 4. c4 e6 5. Nc3 Nf6 6. Nf3 Bb4 7. Qa4+ Nc6 8. c5
Bxc3+ 9. bxc3 O-O 10. Bd3 h6 11. O-O Bd7 12. Qc2 Qa5 13. Bd2 Qc7 14. Rfe1 b6 15.
Qc1 Ne8 16. Bxh6 gxh6 17. Qxh6 f5 18. Qg6+ Kh8 19. Ng5 Nf6 20. Re3 Be8 21. Rh3+
Nh7 22. Rxh7+ Qxh7 23. Qxh7# 1-0

[Event "Mistrzostwa Polski Mlodzikow do lat 10 - Chlopcy"]
[Site "Karpacz"]
[Date "1899-12-30"]
[Round "3.7"]
[White "Bartoszczuk, Adam"]
[Black "Kejna, Piotr"]
[Result "0-1"]
[WhiteTitle "III"]
[BlackTitle "CM"]
[WhiteElo "1142"]
[BlackElo "1441"]

1. e4 c5 2. Nf3 d6 3. c3 Nf6 4. h3 e6 5. Be2 Be7 6. O-O O-O 7. d4 cxd4 8. cxd4
Nxe4 9. Bd3 Nf6 10. Nc3 d5 11. Re1 a6 12. Qc2 Nc6 13. Bd2 Nb4 14. Qb1 Nxd3 15.
Qxd3 b5 16. Rac1 Bb7 17. Rc2 Ne4 18. Rec1 Bd6 19. Ne5 Bxe5 20. dxe5 Nxd2 21. Qxd2
Rc8 22. Qd4 Rc4 23. Qa7 Qb8 24. Qb6 Rfc8 25. b3 R4c5 26. Qa5 d4 0-1

[Event "Mistrzostwa Polski Mlodzikow do lat 10 - Chlopcy"]
[Site "Karpacz"]
[Date "1899-12-30"]
[Round "3.8"]
[White "Grot, Blazej"]
[Black "Kopaniewski, Wojciech"]
[Result "1-0"]
[WhiteTitle "II"]
[BlackTitle "II"]
[WhiteElo "1341"]
[BlackElo "1370"]

1. e4 e5 2. Nf3 Nc6 3. Bb5 Bc5 4. c3 Nf6 5. O-O O-O 6. d4 Bb6 7. Bg5 h6 8. Bh4
d6 9. Bxc6 bxc6 10. dxe5 dxe5 11. Qxd8 Rxd8 12. Nxe5 Re8 13. Bxf6 gxf6 14. Nxc6
Bb7 15. Nb4 Rxe4 16. Nd2 Rg4 17. g3 a5 18. Nc2 Rd8 19. Nb3 Rd3 20. Nbd4 c5 21.
Nf5 Kh7 22. Nce3 Re4 23. Rad1 Ba6 24. Rxd3 Bxd3 25. Rd1 c4 26. Nd6 Re5 27. Ndxc4
Bxc4 28. Nxc4 Rb5 29. Nxb6 Rxb6 30. b3 Kg6 31. Rd5 Rc6 32. c4 a4 33. Kf1 f5 34.
Ra5 axb3 35. axb3 Kf6 36. Rb5 Ke6 37. Ke2 f4 38. gxf4 Kd6 39. Kf3 Ke6 40. c5 Kd5
41. b4 1-0

[Event "Mistrzostwa Polski Mlodzikow do lat 10 - Chlopcy"]
[Site "Karpacz"]
[Date "1899-12-30"]
[Round "3.9"]
[White "Paszkowski, Krystian"]
[Black "Karp, Kacper"]
[Result "1-0"]
[WhiteTitle "II"]
[BlackTitle "II"]
[WhiteElo "1365"]
[BlackElo "1078"]

1. d4 Nf6 2. c4 g6 3. Nc3 Bg7 4. Nf3 d6 5. g3 O-O 6. Bg2 a5 7. O-O Nbd7 8. h3 e5
9. e4 exd4 10. Nxd4 Nc5 11. Be3 Re8 12. Qc2 Qe7 13. Rfe1 Nfd7 14. f4 Nb6 15. b3
Qf6 16. Ndb5 Ne6 17. Bxb6 cxb6 18. Nd5 Qd8 19. Rad1 Kh8 20. f5 gxf5 21. exf5 Nc5
22. Rxe8+ Qxe8 23. Nbc7 Qe5 24. Nxa8 Bxf5 25. Qd2 Qxg3 26. Qf4 Qxf4 27. Nxf4 Be5
28. Ne2 Kg7 29. Nxb6 Bc2 30. Rd2 Bb1 31. Nd5 Nd3 32. Be4 Ne1 33. Kf2 Bxe4 34.
Kxe1 Kg6 35. Kf2 Kf5 36. Ng3+ Ke6 37. Nxe4 f5 38. Ng5+ Kd7 39. Nxh7 1-0

[Event "Mistrzostwa Polski Mlodzikow do lat 10 - Chlopcy"]
[Site "Karpacz"]
[Date "1899-12-30"]
[Round "3.10"]
[White "Gromek, Pawel"]
[Black "Madej, Marek"]
[Result "0-1"]
[WhiteTitle "II"]
[BlackTitle "II+"]
[WhiteElo "1231"]
[BlackElo "1541"]

1. e4 e5 2. Nf3 Nc6 3. d4 exd4 4. Nxd4 Nf6 5. Nc3 Bb4 6. Nxc6 bxc6 7. Bd3 O-O 8.
O-O d5 9. exd5 cxd5 10. Bg5 c6 11. Qf3 Rb8 12. Bxf6 Qxf6 13. Qxf6 gxf6 14. a3
Bd6 15. Rab1 a5 16. Rfe1 Be6 17. Ne2 c5 18. c3 Rb6 19. Red1 Rfb8 20. Rd2 c4 21.
Bc2 Kg7 22. Ba4 Bxa3 23. h3 Rxb2 24. Rbxb2 Rxb2 25. Rxb2 Bxb2 26. f4 Bf5 27. Bc6
Be4 28. Kf2 Kf8 29. g4 Ke7 30. Ke3 Kd6 31. Ba4 Kc5 32. Kd2 Bg2 33. h4 Bf3 34.
g5 Bxe2 35. Kxe2 Bxc3 36. Be8 fxg5 37. fxg5 d4 38. Bxf7 a4 39. h5 a3 40. g6 hxg6
41. hxg6 a2 42. g7 d3+ 43. Ke3 Bxg7 44. Ke4 a1=Q 45. Bh5 Qe5+ 46. Kf3 Qe2+ 47.
Kf4 Be5+ 48. Kf5 Qxh5+ 49. Ke6 Bf6 50. Kd7 Qf7+ 51. Kc8 Kb6 52. Kb8 Qg8# 0-1

[Event "Mistrzostwa Polski Mlodzikow do lat 10 - Chlopcy"]
[Site "Karpacz"]
[Date "1899-12-30"]
[Round "3.11"]
[White "Wierzbicki, Dawid"]
[Black "Krol, Jan"]
[Result "0-1"]
[WhiteTitle "II"]
[BlackTitle "II"]
[WhiteElo "1441"]
[BlackElo "1206"]

1. e4 c5 2. Nc3 Nc6 3. g3 g6 4. d3 d6 5. Be3 Bg7 6. Bg2 Rb8 7. Qd2 b5 8. Nge2 Nd4
9. Nc1 Bg4 10. Bxd4 Bxd4 11. N1e2 Bxe2 12. Qxe2 Nf6 13. Nd1 Nd7 14. c3 Bg7 15.
f4 O-O 16. Ne3 e6 17. O-O f5 18. exf5 exf5 19. Bd5+ Kh8 20. Rae1 b4 21. Nd1 bxc3
22. bxc3 Nf6 23. Bb3 Qb6 24. c4 Rfe8 25. Qd2 a5 26. Nc3 Qb4 27. Nb1 a4 28. Rxe8+
Nxe8 29. Qxb4 Rxb4 30. Bc2 Rb2 31. Bxa4 Bd4+ 32. Kh1 Nf6 33. h3 Nh5 34. Rf3 Rxb1+
35. Kh2 Rb2+ 36. Kh1 Rxa2 37. Bc6 Rf2 38. g4 Rxf3 39. Bxf3 fxg4 40. hxg4 Nxf4
41. Be4 Kg7 42. Kh2 Kf6 43. Kg3 Be5 44. Kf3 Kg5 0-1

[Event "Mistrzostwa Polski Mlodzikow do lat 10 - Chlopcy"]
[Site "Karpacz"]
[Date "1899-12-30"]
[Round "3.12"]
[White "Pancewicz, Szymon"]
[Black "Sniadecki, Oskar"]
[Result "0-1"]
[WhiteTitle "II"]
[BlackTitle "III"]
[WhiteElo "1421"]
[BlackElo "1196"]

1. e4 c5 2. Nf3 Nc6 3. d4 cxd4 4. Nxd4 e5 5. Nb5 d6 6. N1c3 a6 7. Na3 Nf6 8. Nc4
Be6 9. Bg5 b5 10. Bxf6 gxf6 11. Ne3 Bh6 12. Ncd5 Bxe3 13. Nxe3 Qa5+ 14. c3 Rd8
15. Be2 b4 16. O-O Ne7 17. c4 Rg8 18. a3 f5 19. exf5 Nxf5 20. Nxf5 Bxf5 21. axb4
Qxb4 22. Rxa6 Qb7 23. g3 Qxa6 24. c5 Qc6 25. Qb3 Be6 26. Qd3 f5 27. Bh5+ Ke7 28.
Qd2 f4 29. Qc2 Rg7 30. cxd6+ Rxd6 31. Qe2 Qd5 32. Bf3 Qc5 33. b4 Qd4 34. Qc2 fxg3
35. Bg2 gxh2+ 36. Kxh2 Qf4+ 37. Kh1 Qh4+ 38. Kg1 Rxg2+ 39. Kxg2 Bd5+ 40. f3 Rg6+
41. Qxg6 hxg6 42. b5 e4 43. b6 exf3+ 44. Rxf3 Bxf3+ 45. Kxf3 Qb4 46. b7 Qxb7+
47. Kg4 Qd5 48. Kf4 Qf5+ 49. Kg3 Qe4 50. Kh2 Qg4 51. Kh1 Ke6 52. Kh2 Ke5 53. Kh1
Ke4 54. Kh2 Kf3 55. Kh1 Qg2# 0-1

[Event "Mistrzostwa Polski Mlodzikow do lat 10 - Chlopcy"]
[Site "Karpacz"]
[Date "1899-12-30"]
[Round "3.13"]
[White "Nowak, Filip"]
[Black "Sowinski, Pawel"]
[Result "1-0"]
[WhiteTitle "II"]
[BlackTitle "III"]
[WhiteElo "1389"]
[BlackElo "1192"]

1. d4 Nf6 2. Nf3 d5 3. Bf4 Nc6 4. e3 a6 5. a4 Bf5 6. c3 e6 7. Nbd2 Bd6 8. Be2 O-O
9. O-O Re8 10. Ne5 Bxe5 11. Bxe5 Nd7 12. Nf3 Ndxe5 13. Nxe5 Nxe5 14. dxe5 Qe7
15. Bd3 Bxd3 16. Qxd3 c6 17. f4 Rad8 18. Rae1 Qc5 19. Qd4 Qxd4 20. exd4 Rf8 21.
f5 exf5 22. Rxf5 Rc8 23. b4 b6 24. g4 h6 25. h4 Rce8 26. Ref1 Re6 27. Kg2 f6 28.
g5 hxg5 29. hxg5 Kh7 30. a5 b5 31. Kg3 Kg6 32. Kg4 Rf7 33. gxf6 gxf6 34. Rxf6+
Rfxf6 35. Rxf6+ Rxf6 36. exf6 Kxf6 37. Kf4 Ke6 38. Kg5 Kd6 39. Kf6 Kc7 40. Ke7
Kb7 41. Kd7 Kb8 42. Kxc6 Ka7 43. Kxd5 1-0

[Event "Mistrzostwa Polski Mlodzikow do lat 10 - Chlopcy"]
[Site "Karpacz"]
[Date "1899-12-30"]
[Round "3.14"]
[White "Wydmanski, Szymon"]
[Black "Adamala, Jacek"]
[Result "0-1"]
[WhiteTitle "II"]
[BlackTitle "II"]
[WhiteElo "1181"]
[BlackElo "1360"]

1. e4 c5 2. Nf3 d6 3. d4 cxd4 4. Nxd4 Nf6 5. Nc3 g6 6. Bc4 Bg7 7. f3 O-O 8. Be3
Nc6 9. Bb3 Ne5 10. Qd2 Bd7 11. O-O-O Qa5 12. Kb1 Rfc8 13. h4 b5 14. g4 b4 15.
Nd5 Nxd5 16. Bxd5 Nc4 17. Bxc4 Rxc4 18. Nb3 Qc7 19. h5 Rc8 20. Rc1 d5 21. hxg6
a5 22. gxf7+ Kxf7 23. Qxd5+ Be6 24. Qxa5 Rxc2 25. Rxc2 Qxc2+ 26. Ka1 Bxb2# 0-1

[Event "Mistrzostwa Polski Mlodzikow do lat 10 - Chlopcy"]
[Site "Karpacz"]
[Date "1899-12-30"]
[Round "3.15"]
[White "Trzebinski, Patryk"]
[Black "Kubaszewski, Piotr"]
[Result "1-0"]
[WhiteTitle "II"]
[BlackTitle "II"]
[WhiteElo "1293"]
[BlackElo "1180"]

1. e4 c5 2. Nf3 d6 3. d4 cxd4 4. Qxd4 Nc6 5. Bb5 e5 6. Qa4 Bd7 7. Qb3 h6 8. Nc3
Nf6 9. Bc4 Qe7 10. Bd5 Rb8 11. Be3 Nxd5 12. Nxd5 Qd8 13. O-O-O Be6 14. Qa4 Ra8
15. Nc3 Be7 16. Nxe5 Qc7 17. Nb5 Qd8 18. Nxc6 bxc6 19. Nd4 Bd7 20. Nf5 c5 21.
Qa6 Bxf5 22. exf5 Qc7 23. Qb5+ Kf8 24. g4 Bf6 25. c3 Rb8 26. Qd3 Rb6 27. Bf4 Be7
28. h4 Qb8 29. b3 a5 30. f6 gxf6 31. Qe3 a4 32. Rhe1 Qb7 33. Bxh6+ Ke8 34. Bg7
axb3 35. Qxe7+ Qxe7 36. Rxe7+ Kxe7 37. Bxh8 bxa2 38. Kc2 Ke6 39. Ra1 Rb8 40. Bg7
Rg8 41. Re1+ Kd5 42. Bxf6 Rxg4 43. Kb2 Rf4 44. Rd1+ Ke6 45. Bg5 Rxf2+ 46. Rd2
Rf3 47. Rc2 f6 48. Bh6 Rh3 49. Kxa2 Rxh4 50. Bf8 Rh8 51. Re2+ Kd7 52. Bg7 Ra8+
53. Kb3 f5 54. Rf2 Rg8 55. Bh6 Rg6 56. Be3 Rf6 57. Kc4 Kc6 58. Rf4 d5+ 59. Kd3
c4+ 60. Kd4 Kd6 61. Rf3 Re6 62. Bf4+ Kc6 63. Be5 Rg6 64. Rxf5 Rg4+ 65. Rf4 Rg2
66. Rf6+ Kb5 67. Kxd5 Rd2+ 68. Bd4 Re2 69. Rb6+ Ka5 70. Kxc4 Re4 71. Kd5 Rxd4+
72. cxd4 Kxb6 73. Kd6 Kb7 74. d5 Kc8 75. Ke7 Kc7 76. d6+ Kc6 77. d7 Kd5 78. d8=Q+
Ke5 79. Qd6+ Ke4 80. Kf6 Ke3 81. Qb4 Kd3 82. Ke5 Kc2 83. Qa3 Kd2 84. Ke4 Kc2 85.
Ke3 Kb1 86. Qc3 Ka2 87. Kd4 Kb1 88. Kd3 Ka2 89. Qb4 Ka1 90. Kc3 Ka2 91. Qb2# 1-0

[Event "Mistrzostwa Polski Mlodzikow do lat 10 - Chlopcy"]
[Site "Karpacz"]
[Date "1899-12-30"]
[Round "3.16"]
[White "Rog, Bartlomiej"]
[Black "Krawczyk, Flawian"]
[Result "0-1"]
[WhiteTitle "III"]
[BlackTitle "II"]
[WhiteElo "1167"]
[BlackElo "1292"]

1. e4 e5 2. Nf3 Nc6 3. Bc4 Bc5 4. c3 Nf6 5. d4 exd4 6. cxd4 Bb4+ 7. Bd2 Nxe4 8.
Bxb4 Nxb4 9. Bxf7+ Kxf7 10. Qb3+ d5 11. Qxb4 Qf8 12. Ne5+ Ke6 13. Qxf8 Rxf8 14.
O-O c5 15. Nf3 b6 16. Nc3 Nxc3 17. bxc3 h6 18. Rab1 Ba6 19. Rfe1+ Kd6 20. Re3
Rae8 21. Rbe1 Rxe3 22. Rxe3 g5 23. Ne5 Rf4 24. h3 cxd4 25. cxd4 Rxd4 26. Nf7+
Kc5 27. Ra3 Rf4 28. Nxh6 Kb5 29. Rg3 d4 30. Rxg5+ Kc4 31. Ng4 Rxg4 32. Rxg4 Kc3
33. Rg8 d3 34. Rd8 d2 35. Rxd2 Kxd2 36. h4 Kd3 37. g4 Ke4 38. h5 Kf4 39. f3 Bd3
40. Kg2 Bc4 41. a3 a5 42. Kh3 b5 43. Kh4 b4 44. h6 Bd3 45. Kh3 Kxf3 0-1

[Event "Mistrzostwa Polski Mlodzikow do lat 10 - Chlopcy"]
[Site "Karpacz"]
[Date "1899-12-30"]
[Round "3.17"]
[White "Jaworski, Tymon"]
[Black "Bartodziej, Bartosz"]
[Result "1-0"]
[WhiteTitle "II"]
[BlackTitle "II"]
[WhiteElo "1166"]
[BlackElo "1263"]

1. e4 Nf6 2. e5 Nd5 3. d4 d6 4. c4 Nb6 5. exd6 cxd6 6. Nc3 g6 7. Be3 Bg7 8. Rc1
O-O 9. b3 Nc6 10. Be2 Re8 11. d5 Nb4 12. a3 Na6 13. Nf3 Bg4 14. h3 Bxf3 15. Bxf3
Rc8 16. O-O Nc5 17. Bg4 f5 18. Bf3 Rf8 19. Re1 f4 20. Bxc5 Rxc5 21. Qe2 Rc7 22.
Nb5 Rd7 23. Bg4 Nc8 24. Bxd7 Qxd7 25. Qe6+ Qxe6 26. Rxe6 a6 27. Nc3 f3 28. g3
Be5 29. a4 Re8 30. Ne4 Nb6 31. c5 Rc8 32. Rd1 1-0

[Event "Mistrzostwa Polski Mlodzikow do lat 10 - Chlopcy"]
[Site "Karpacz"]
[Date "1899-12-30"]
[Round "3.18"]
[White "Wolski, Michal"]
[Black "Musial, Igor"]
[Result "1/2-1/2"]
[WhiteTitle "II"]
[BlackTitle "II"]
[WhiteElo "1165"]
[BlackElo "1258"]

1. e4 c5 2. Nf3 d6 3. c3 Nf6 4. h3 Bd7 5. Bd3 Nc6 6. Bc2 Rc8 7. O-O e5 8. Re1 Be7
9. Bb3 O-O 10. d4 cxd4 11. cxd4 exd4 12. Nxd4 Ne5 13. Nc3 Ng6 14. f4 Ne8 15. e5
dxe5 16. fxe5 Nc7 17. Qf3 Bc5 18. Be3 b6 19. Qe4 Bxd4 20. Bxd4 Ne6 21. Rad1 Qe7
22. Bf2 Bc6 23. Qg4 Nc5 24. Bxc5 Qxc5+ 25. Qd4 Qxd4+ 26. Rxd4 Kh8 27. e6 fxe6
28. Rxe6 Rf6 29. Rxf6 gxf6 30. Rd6 Kg7 31. Nd5 Bxd5 32. Rxd5 Rc7 33. Ba4 Re7 34.
Rd7 Rxd7 35. Bxd7 Ne5 36. Bf5 h6 37. a4 Kf7 38. Kf2 Nc4 39. b3 Ne5 40. Ke3 Ke7
41. Ke4 Kd6 42. Kd4 Nc6+ 43. Kc4 1/2-1/2

[Event "Mistrzostwa Polski Mlodzikow do lat 10 - Chlopcy"]
[Site "Karpacz"]
[Date "1899-12-30"]
[Round "3.19"]
[White "Podlewski, Szymon"]
[Black "Warchol, Kamil"]
[Result "1/2-1/2"]
[WhiteTitle "II"]
[BlackTitle "II"]
[WhiteElo "1243"]
[BlackElo "1178"]

1. c4 e5 2. Nc3 Nf6 3. d3 Nc6 4. g3 Bb4 5. Bg2 d5 6. cxd5 Nxd5 7. Bd2 Be6 8. a3
Ba5 9. Nf3 O-O 10. O-O Bb6 11. Nxd5 Bxd5 12. Bc3 Nd4 13. Nxe5 Bxg2 14. Kxg2 Qd5+
15. Nf3 Nxf3 16. exf3 Rad8 17. Qa4 Kh8 18. Qg4 Bd4 19. Bxd4 Qxd4 20. Qxd4 Rxd4
21. Rfd1 Rfd8 22. Rac1 c6 23. Rc3 R4d6 24. Re1 g6 25. Re7 R6d7 26. Rxd7 Rxd7 27.
f4 Kg7 28. Kf3 Re7 29. b4 Kf8 30. a4 a6 31. Rb3 Ke8 32. b5 axb5 33. axb5 Kd7 34.
bxc6+ Kxc6 35. d4 Kd5 36. Rb4 f5 37. h3 h5 38. h4 Kc6 39. Rb3 Kd5 40. Rb4 Kc6
41. Rb3 Kd5 42. Rb4 Kc6 43. Rb3 Kd5 44. Rb4 Kc6 1/2-1/2

[Event "Mistrzostwa Polski Mlodzikow do lat 10 - Chlopcy"]
[Site "Karpacz"]
[Date "1899-12-30"]
[Round "3.20"]
[White "Filipiak, Adam"]
[Black "Jarocki, Gabriel"]
[Result "1-0"]
[WhiteTitle "III"]
[BlackTitle "II"]
[WhiteElo "1160"]
[BlackElo "1241"]

1. d4 Nf6 2. e3 d5 3. f4 Nc6 4. Bd3 Bg4 5. Nf3 Qd7 6. Nbd2 Bf5 7. Bxf5 Qxf5 8.
O-O O-O-O 9. Ne5 Ne4 10. Nxe4 dxe4 11. c4 Nxe5 12. fxe5 Qe6 13. b3 f6 14. exf6
exf6 15. d5 Qd7 16. Qc2 f5 17. Bb2 Rg8 18. a4 a5 19. Bc3 b6 20. Qb2 Bb4 21. Bxb4
axb4 22. a5 Kb7 23. Ra4 Ra8 24. Rfa1 Qd6 25. Qa2 Qc5 26. axb6 Qxe3+ 27. Kh1 Rxa4
28. Qxa4 Qxb6 29. c5 Qxc5 30. Qa6+ Kb8 31. Qa8# 1-0

[Event "Mistrzostwa Polski Mlodzikow do lat 10 - Chlopcy"]
[Site "Karpacz"]
[Date "1899-12-30"]
[Round "3.21"]
[White "Rylski, Tadeusz"]
[Black "Klisowski, Bartosz"]
[Result "1-0"]
[WhiteTitle "II"]
[BlackTitle "II"]
[WhiteElo "1241"]
[BlackElo "1166"]

1. e4 c5 2. Nf3 d6 3. d4 cxd4 4. Nxd4 Nf6 5. Nc3 a6 6. Bc4 g6 7. f3 Bg7 8. Be3
Bd7 9. Qd2 Nc6 10. Nxc6 Bxc6 11. Bh6 O-O 12. h4 b5 13. Bb3 e6 14. h5 Bxh6 15.
Qxh6 Re8 16. hxg6 fxg6 17. O-O-O Qe7 18. g4 Rad8 19. Ne2 Qg7 20. Nf4 Qxh6 21.
Rxh6 d5 22. g5 Nh5 23. Nxh5 gxh5 24. exd5 Bxd5 25. Bxd5 exd5 26. Rxh5 Rd6 27.
b3 Re3 28. Rd3 Rxd3 29. cxd3 Re6 30. Kd2 Kg7 31. d4 a5 32. Rh2 b4 33. Re2 Ra6
34. Re5 a4 35. Rxd5 axb3 36. axb3 Ra3 37. Kc2 Ra2+ 38. Kd3 Rf2 39. Kc4 Rxf3 40.
Kxb4 Kg6 41. Re5 Rd3 42. Kc4 Rd1 43. b4 Rb1 44. d5 Rd1 45. Kc5 Rc1+ 46. Kb6 h6
47. gxh6 Kxh6 48. d6 Rd1 49. Kc7 Rc1+ 50. Kd8 Kg7 51. Ke7 Ra1 52. d7 Ra7 53. Ke8
Ra8+ 54. d8=Q Rxd8+ 55. Kxd8 Kf6 56. Re1 Kf5 57. b5 Kf4 58. b6 Kf5 59. b7 Kf4
60. b8=Q+ Kf5 61. Qe5+ Kg4 62. Qf6 Kg3 63. Rg1+ Kh2 64. Qf2+ Kh3 65. Qg3# 1-0

[Event "Mistrzostwa Polski Mlodzikow do lat 10 - Chlopcy"]
[Site "Karpacz"]
[Date "1899-12-30"]
[Round "3.22"]
[White "Kusiak, Mateusz"]
[Black "Jendrowiak, Maciej"]
[Result "1-0"]
[WhiteTitle "II"]
[BlackTitle "III"]
[WhiteElo "1221"]
[BlackElo "1143"]

1. e4 e5 2. Nf3 Nc6 3. Bb5 d6 4. d4 exd4 5. Nxd4 Bd7 6. O-O g6 7. b3 Bg7 8. Bb2
Nf6 9. h3 a6 10. Nxc6 Qc8 11. Bxa6 Bxc6 12. Bd3 O-O 13. Nd2 Re8 14. Re1 b6 15.
c4 Qb7 16. Qc2 Re7 17. Re2 Rae8 18. Rae1 Nd7 19. Bxg7 Kxg7 20. b4 Nf8 21. Qc3+
Kg8 22. b5 Bd7 23. e5 d5 24. cxd5 Qxd5 25. Ne4 Qe6 26. Nf6+ Kg7 27. Nxe8+ Rxe8
28. Bc4 Qf5 29. e6+ Kg8 30. exf7+ 1-0

[Event "Mistrzostwa Polski Mlodzikow do lat 10 - Chlopcy"]
[Site "Karpacz"]
[Date "1899-12-30"]
[Round "3.23"]
[White "Janeczko, Jakub"]
[Black "Zalega, Maciej"]
[Result "1-0"]
[WhiteTitle "II"]
[BlackTitle "II"]
[WhiteElo "1128"]
[BlackElo "1215"]

1. e4 d5 2. exd5 Nf6 3. Nc3 Nxd5 4. Bc4 Nb6 5. Bb3 Nc6 6. d3 e5 7. Nf3 Bb4 8. Bd2
Bg4 9. h3 Bh5 10. O-O O-O 11. Re1 Re8 12. a3 Ba5 13. Bxf7+ Bxf7 14. b4 Nxb4 15.
axb4 Bxb4 16. Nxe5 Qd4 17. Nb5 Qc5 18. Bxb4 Qxb5 19. Nxf7 Qxb4 20. Ng5 Rxe1+ 21.
Qxe1 Qxe1+ 22. Rxe1 h6 23. Nf3 a5 24. Nd4 a4 25. Ra1 Nd5 26. Ra3 c5 27. Nb5 Kf8
28. c4 Nb4 29. Nc7 Ra5 30. Kf1 Nc2 31. Ra2 a3 32. Nb5 Nb4 33. Rxa3 Rxa3 34. Nxa3
Nxd3 35. Nb5 Nb2 36. Na3 Ke7 37. Ke2 Ke6 38. Kd2 Ke5 39. Kc2 Na4 40. Kb3 Nb6 41.
Kc3 Nd7 42. Nc2 Nf6 43. Kd3 Nh5 44. g3 Nf6 45. Ne3 h5 46. f4+ Ke6 47. g4 g6 48.
g5 Nd7 49. Ke4 Nb6 50. h4 Nd7 51. Nd5 b6 52. Ne3 Nb8 53. f5+ gxf5+ 54. Nxf5 Kf7
55. Ke5 Nc6+ 56. Kd5 Na5 57. Nd6+ Kg6 58. Nc8 Nb3 59. Nxb6 Nd2 60. Nd7 Nf3 61.
Ne5+ 1-0

[Event "Mistrzostwa Polski Mlodzikow do lat 10 - Chlopcy"]
[Site "Karpacz"]
[Date "1899-12-30"]
[Round "3.24"]
[White "Jaskiewicz, Kacper"]
[Black "Skrzypinski, Jan"]
[Result "1-0"]
[WhiteTitle "II"]
[BlackTitle "II"]
[WhiteElo "1213"]
[BlackElo "1088"]

1. e4 c5 2. Nf3 d6 3. c3 Nf6 4. Be2 Nc6 5. d3 g6 6. Be3 Bg7 7. Qd2 Bd7 8. Bh6 O-O
9. h4 b5 10. h5 e6 11. Bxg7 Kxg7 12. hxg6 fxg6 13. Qh6+ Kg8 14. g4 Qe7 15. g5
Ng4 16. Qh4 Nge5 17. Nbd2 d5 18. Rh3 Nxf3+ 19. Bxf3 e5 20. exd5 Bxh3 21. Qxh3
e4 22. Nxe4 Ne5 23. Be2 c4 24. d6 Qd8 25. Nf6+ Rxf6 26. gxf6 Qxf6 27. d4 Nc6 28.
Qf3 Qxd6 29. Kd2 Rf8 30. Qg3 Qf6 31. Rf1 Qf4+ 32. Qxf4 Rxf4 33. Ke3 Rf5 34. Bg4
Rg5 35. Be6+ Kg7 36. Kf4 h6 37. d5 Ne5 38. b3 cxb3 39. axb3 Nd3+ 40. Kf3 Nc5 41.
Re1 Nxe6 42. dxe6 Kf8 43. e7+ Ke8 44. Rh1 h5 45. Ra1 Rd5 46. c4 bxc4 47. bxc4
Rd7 48. Rg1 Rxe7 49. Rxg6 Rc7 50. Ra6 Kd8 51. c5 Rg7 52. c6 h4 53. Ra1 Rh7 54.
Kg2 h3+ 55. Kh2 Kc8 56. f4 Kd8 57. f5 Rf7 58. Ra5 a6 59. Kxh3 Kc7 60. Kg4 Kxc6
61. Rxa6+ Kd7 62. Kg5 Ke7 63. Kg6 Rf8 64. f6+ Kd7 65. Kg7 Rc8 66. f7 Rc1 67. f8=Q
Rg1+ 68. Rg6 Rxg6+ 69. Kxg6 Ke6 70. Qf5+ Ke7 71. Qe5+ Kd7 72. Kf6 Kc6 73. Qd4
Kc7 74. Ke6 Kc6 75. Qc4+ Kb6 76. Kd7 Ka5 77. Qb3 Ka6 78. Kc6 Ka5 79. Qa3# 1-0

[Event "Mistrzostwa Polski Mlodzikow do lat 10 - Chlopcy"]
[Site "Karpacz"]
[Date "1899-12-30"]
[Round "3.25"]
[White "Herwy, Jakub"]
[Black "Pawlowski, Kamil"]
[Result "1-0"]
[WhiteTitle "II"]
[BlackTitle "III"]
[WhiteElo "1207"]
[BlackElo "1060"]

1. e4 e5 2. Nf3 Nc6 3. Bc4 Bc5 4. d3 Nf6 5. Bg5 h6 6. Bh4 g5 7. Bg3 d6 8. h4 Nh7
9. hxg5 Nxg5 10. Bh4 f6 11. c3 Nxf3+ 12. Qxf3 Rf8 13. Qh5+ Ke7 14. Qxh6 Kd7 15.
b4 Bb6 16. a4 a6 17. a5 Ba7 18. Qg7+ Ke8 19. Nd2 Qe7 20. Qg6+ Kd7 21. Bg3 b5 22.
axb6 Bxb6 23. Rh7 Qxh7 24. Qxh7+ Ne7 25. Qg7 Rd8 26. Qxf6 c6 27. Be6+ Kc7 28.
Qxe7+ Kb8 29. Bxc8 Kxc8 30. Nc4 Bc7 31. Na5 Bxa5 32. Rxa5 d5 33. Bxe5 dxe4 34.
Qc7# 1-0

[Event "Mistrzostwa Polski Mlodzikow do lat 10 - Chlopcy"]
[Site "Karpacz"]
[Date "1899-12-30"]
[Round "3.27"]
[White "Leski, Franciszek"]
[Black "Wielgus, Wojciech"]
[Result "1-0"]
[WhiteTitle "III"]
[BlackTitle "II"]
[WhiteElo "1071"]
[BlackElo "1440"]

1. e4 e5 2. Nf3 Nc6 3. d4 exd4 4. Nxd4 Bc5 5. Be3 Qf6 6. c3 Nge7 7. Nb5 Bxe3 8.
fxe3 Qh4+ 9. Ke2 Qh5+ 10. Kd2 Qxd1+ 11. Kxd1 Kd8 12. Nd4 Re8 13. Nd2 a6 14. Kc2
d6 15. Bc4 Ne5 16. Bb3 f6 17. h3 N7g6 18. g4 Ne7 19. Be6 N7c6 20. Bxc8 Rxc8 21.
Nf5 Rg8 22. Rag1 Kd7 23. h4 g6 24. Nd4 Rcf8 25. g5 f5 26. exf5 gxf5 27. h5 f4
28. Ne4 Kc8 29. Nf6 Rh8 30. Ne6 Rf7 31. exf4 Nd7 32. Nd5 Nf8 33. Nxf8 Rfxf8 34.
g6 hxg6 35. Rxg6 Rfg8 36. f5 Kd8 37. Rhg1 Rf8 38. R1g5 Ne5 39. f6 Nxg6 40. hxg6
Rh2+ 41. Kb3 Rf2 42. g7 Rg8 43. Ne7 Re8 44. g8=Q Rxg8 45. Nxg8 Kd7 46. Rg7+ Kc6
47. Ne7+ Kb5 48. a4+ Ka5 49. f7 c5 50. Ng6 b6 51. f8=Q Rxf8 52. Nxf8 d5 53. Ne6
c4+ 54. Ka3 b5 55. Rb7 d4 56. Nxd4 b4+ 57. cxb4# 1-0

[Event "Mistrzostwa Polski Mlodzikow do lat 10 - Chlopcy"]
[Site "Karpacz"]
[Date "1899-12-30"]
[Round "3.28"]
[White "Maciejek, Marcel"]
[Black "Seemann, Jakub"]
[Result "0-1"]
[WhiteTitle "II"]
[BlackTitle "II+"]
[WhiteElo "1104"]
[BlackElo "1395"]

1. e4 e5 2. Nf3 Nc6 3. Bc4 Nf6 4. d3 Be7 5. c3 O-O 6. Nbd2 d5 7. Bb3 dxe4 8. dxe4
Qd3 9. Bc4 Qd7 10. O-O Qg4 11. h3 Qh5 12. Re1 g5 13. Nf1 h6 14. Ng3 Qg6 15. Bd3
Nh5 16. Nf5 f6 17. b4 Bxf5 18. exf5 Qe8 19. h4 Rd8 20. Qb3+ Kh8 21. Bc2 Rg8 22.
a3 g4 23. Nh2 g3 24. Nf3 gxf2+ 25. Kxf2 Qf8 26. Rg1 Ng3 27. b5 Bc5+ 28. Be3 Bxe3+
29. Ke1 Bxg1 30. Nxg1 Qc5 0-1

[Event "Mistrzostwa Polski Mlodzikow do lat 10 - Chlopcy"]
[Site "Karpacz"]
[Date "1899-12-30"]
[Round "3.29"]
[White "Jurewicz, Igor"]
[Black "Iwaszkiewicz, Grzegorz"]
[Result "1-0"]
[WhiteTitle "III"]
[BlackTitle "II"]
[WhiteElo "1104"]
[BlackElo "1330"]

1. c4 d5 2. b3 dxc4 3. bxc4 Bf5 4. Nc3 Nf6 5. g3 e6 6. Bg2 c6 7. e4 Bg6 8. Nge2
Bd6 9. d4 e5 10. dxe5 Bxe5 11. Qxd8+ Kxd8 12. f4 Bc7 13. Ba3 Ba5 14. O-O-O Nfd7
15. Bh3 Kc7 16. Bd6+ Kb6 17. f5 Bh5 18. g4 Nf6 19. gxh5 Re8 20. c5+ Ka6 21. e5
Nxh5 22. Rhf1 g6 23. f6 b5 24. e6 Nxf6 25. exf7 Bxc3 26. fxe8=Q Nxe8 27. Bc8+
Ka5 28. Nxc3 g5 29. Bb7 g4 30. Bxa8 g3 31. hxg3 h5 32. Bxb8 h4 33. gxh4 Kb4 34.
Bxc6 a5 35. Ba7 a4 36. Nd5+ Ka5 37. Bb6+ Ka6 38. Nb4# 1-0

[Event "Mistrzostwa Polski Mlodzikow do lat 10 - Chlopcy"]
[Site "Karpacz"]
[Date "1899-12-30"]
[Round "3.30"]
[White "Turowski, Maciej"]
[Black "Sokolowski, Hubert"]
[Result "1-0"]
[WhiteTitle "III"]
[BlackTitle "III"]
[WhiteElo "1259"]
[BlackElo "1057"]

1. e4 c6 2. Nc3 d5 3. Nf3 dxe4 4. Nxe4 Nf6 5. Ng3 Bg4 6. Bc4 e6 7. O-O Bd6 8. Re1
Nbd7 9. Ne4 Bc7 10. d4 h6 11. h3 Bf5 12. Bd3 O-O 13. c3 Bxe4 14. Bxe4 Nxe4 15.
Rxe4 Nf6 16. Re1 Re8 17. Be3 Qd7 18. Qc1 Kf8 19. Rd1 b6 20. Ne5 Qc8 21. Nxc6 Qb7
22. Ne5 Rad8 23. Nd3 a5 24. Bf4 Bxf4 25. Nxf4 b5 26. Nd3 Nd7 27. a4 bxa4 28. Rxa4
Ra8 29. Qa1 Qb6 30. b4 Qc7 31. Rxa5 Rxa5 32. bxa5 Ra8 33. Qa3+ Ke8 34. a6 Kd8
35. Rb1 Ke8 36. Rb4 Ra7 37. Nb2 Qc8 38. Ra4 Kd8 39. Nc4 Qc7 40. Nd6 Qc6 41. Rc4
Qxa6 42. Nxf7+ Ke8 43. Qxa6 Rxa6 44. Ne5 Nxe5 45. dxe5 Ra5 46. Re4 Rc5 47. c4
Ke7 48. f4 g6 49. Kf2 Kf7 50. Kg3 g5 51. fxg5 hxg5 52. Kg4 Kg6 53. g3 Kh6 54.
h4 gxh4 55. Kxh4 Kg6 56. Kg4 Kh6 57. Kh4 Kg6 58. Rg4+ Kf5 59. Rg5+ Ke4 60. Kh5
Kd3 61. g4 Kxc4 62. Kg6 Kd4 63. Kf6 Rc6 64. Rg7 Kd5 65. g5 Rc4 66. g6 Rf4+ 67.
Ke7 Kxe5 68. Rf7 Rg4 69. g7 Kd5 70. Kf8 e5 71. g8=Q Rxg8+ 72. Kxg8 e4 73. Kg7
e3 74. Kf6 Kd4 75. Kf5 e2 76. Re7 Kd3 77. Kf4 Kd2 78. Rd7+ Ke1 79. Ke3 Kf1 80.
Rf7+ Ke1 81. Rf2 Kd1 82. Rxe2 Kc1 83. Rg2 Kd1 84. Rh2 Kc1 85. Kd3 Kb1 86. Kc3
Ka1 87. Kb3 Kb1 88. Rh1# 1-0